000 00505nam a2200169 a 4500
005 20140310183209.0
008 030423s19uu xx 00 eng d
020 _a0670630772
050 _aPR 6063.A2474
_b.Se4 1984
100 _aMacLaverty, Bernard
245 _aSecrets and other stories /
_cBernard MacLaverty.
260 _aUSA :
_bViking Penguin Inc.,
_c1984.
300 _a130 p. :
_c20 cm.
650 _aNorthern Ireland
_xSocial life and customs
_xfiction.
942 _cBK
_2lcc
999 _c20079
_d20079